000 00718nam a2200241 a 4500
001 BRCA_6952
005 20190320205645.0
008 181111s1955----u--a######---#000-0#eng-#
041 _aeng
044 _au
050 4 _aN8213
_b.S54 1955
245 1 0 _aGreat landscapes
_ctext by Seymour Slive
260 _a[Estados Unidos
_bHarry N. Abrams
_cc1955]
300 _a5 p.
_bil. (algunas a color), 16 láminas
_c39 cm.
440 0 _aAbrams art book
_917326
500 _aEstado físico: páginas desprendidas
500 _aO186
650 1 4 _aPaisajes, Pintura de
_917327
700 1 _aSlive, Seymour
_etx.
_917328
740 0 _aGreat landscapes (sixteenth to twentieth centuries)
902 _aGFM
942 _2lcc
_cB
999 _c6634
_d6634